Responses for Show #1219 - Thursday, December 14, 1989

Missing introductions.

Contestants

[<< previous game]

Susan Guise, a college instructor from contestant search in Burlington

Avrom Simon, a physician from Chicago, Illinois

Tony Parkes, a square dance caller from contestant search in the Boston area (whose 1-day cash winnings total $18,401)

[next game >>]

Jeopardy! Round responses

ZOOLOGY
WORLD LEADERS
ARCHITECTS
CELEBRITY QUOTES
THE BIBLE
"SUMMER" SONGS
    $100 2
Spain

Avrom
    $100 11
Queen Elizabeth

Avrom
    $100 26
London

Avrom
    $100 12
Led Zeppelin

Avrom
    $100 1
Daniel

Avrom
    $100 17
(Avrom: What is a "Theme To A Summer Place"?)
(Alex: [*], right.)

"Theme From A Summer Place"

Avrom
    $200 3
the kangaroo

Tony
    $200 19
Corazon Aquino

Tony
    $200 27
(Sue: Who is I.M. Pei?)

Frank Lloyd Wright

Sue
Triple Stumper
    $200 13
Arnold Schwarzenegger

Sue
    $200 4
Samson

Tony
    $200 18
summer breeze

Tony
    $300 8
bird

Tony
    $300 20
(Helmut) Kohl

Avrom
    $300 28
Paris

Avrom
    $300 14
George Lucas

Sue
    $300 5
the shortest verse in the Bible

Tony
    $300 21
"Summer In The City"

Tony
    $400 9
(Avrom: What is the orangutan?)

the gorilla

TonyAvrom
    $400 22
(Avrom: Who is Duvalier?)
(Alex: Be more specific.)

"Baby Doc" Duvalier

Avrom
    $400 29
Hitler

Avrom
    $400 15
Stephen King

Triple Stumper
    $400 6
Jacob

Avrom
    $400 23
the summertime blues

Sue
    $500 10
10

Triple Stumper
    $500 25
(Alex: With a minute to go in the round.)

Jomo Kenyatta

Tony
    $500 30
China

Triple Stumper
    $500 16
Mick Jagger

Avrom
    $500 7
Caesar Augustus

Tony
    $500 24
(Alex: Sue?)
(Sue: I don't know.)
[The song was not reprised going into the break.]

"The Green Leaves Of Summer"

Sue

Scores at the first commercial break (after clue 16):

Tony Avrom Sue
$1,900 $900 $500

Scores at the end of the Jeopardy! Round:

Tony Avrom Sue
$3,100 $2,500 $200

Double Jeopardy! Round responses

FICTIONAL CHARACTERS
1962
ISLANDS
CURRENT U.S. COINS
BRITISH ACTORS & ROLES
WINTER
    $200 1
Ali Baba

Avrom
    $200 21
the White House

Tony
    $200 26
Borneo

Tony
    $200 8
(Avrom: What is a 50-cent piece and a Susan B. Anthony dollar?)

the quarter dollar & the half dollar

TonyAvrom
    $200 2
Vanessa Redgrave

Avrom
    $200 7
blue

Tony
    $400 13
The Call of the Wild

Tony
    $400 22
Venus

Avrom
    $400 27
(Alex: [After the next clues selection] Less than a minute to go in the round.)

the Channel Islands

Sue
    $400 9
the penny & the nickel

Tony
    $400 3
Sting

Avrom
    $400 15
snowflakes

Sue
    $600 14
Brave New World

Avrom
    $600 23
the Soviet Union

Tony
    $600 28
(Avrom: What is Catalina Island?)

the Channel Islands

Avrom
Triple Stumper
    $3,000 10
(Tony: Who are FDR and Franklin?)

FDR & Kennedy

Tony
    $600 4
Michael York

Avrom
    $600 16
winter wheat

Tony
    $2,100 19
the Wife of Bath

Tony
    $800 24
the twist

Tony
    $800 29
Bikini Island

Sue
    $800 11
(Tony: Who are Jefferson and Franklin?)

Jefferson & Washington

TonySue
    $800 5
Rumpole of the Bailey

Avrom
    $800 17
your head

Avrom
    $1000 20
[ERRATUM: The playwright's name is Sheridan.]

Mrs. Malaprop

Tony
    $1000 25
(Georges) Pompidou

Avrom
    $1000 30
New Zealand

Sue
    $1000 12
an oak

Triple Stumper
    $1000 6
(Alex: Well done, you ran that category.)
[Applause]

Julie Christie

Avrom
    $1000 18
the snowshoe hare

Tony

Scores at the end of the Double Jeopardy! Round:

Tony Avrom Sue
$7,000 $7,700 $3,600

[wagering suggestions for these scores]

Final Jeopardy! Round responses

THEATRE
SueWhat is The Ice Man Cometh
$600
TonyWhat is Death of a Sale
$6,999
AvromWhat is Cat on a Hot Tin Roof?
$6,400
Cat on a Hot Tin Roof

Final scores:

Tony Avrom Sue
$1 $14,100 $3,000
3rd place: Magnavox 20" TV + Jeopardy! box game or computerized version New champion: $14,100 2nd place: Hotpoint range & Villeroy &Boch 8-piece breakfast set + Jeopardy! box game or computerized version

Game dynamics:

Coryat scores:

Tony Avrom Sue
$8,700 $7,700 $4,100
22 R
(including 1 DD),
2 W
(including 1 DD)
22 R,
3 W
8 R,
2 W
(including 1 DD)

Combined Coryat: $20,500

[game clues] [game scores] [suggest correction]

Game tape date: 1989-08-29
The J! Archive is created by fans, for fans. Scraping, republication, monetization, and malicious use prohibited; this site may use cookies and collect identifying information. See terms. The Jeopardy! game show and all elements thereof, including but not limited to copyright and trademark thereto, are the property of Jeopardy Productions, Inc. and are protected under law. This website is not affiliated with, sponsored by, or operated by Jeopardy Productions, Inc. Join the discussion at JBoard.tv.